Normal view
MARC view
Entry Personal Name
001 - CONTROL NUMBER
- control field: 45464
003 - CONTROL NUMBER IDENTIFIER
- control field: dpl
005 - DATE AND TIME OF LATEST TRANSACTION
- control field: 20120420113231.0
008 - FIXED-LENGTH DATA ELEMENTS
- fixed length control field: 120420|||a|||||| | ||| d
040 ## - CATALOGING SOURCE
- Original cataloging agency: dpl
- Transcribing agency: dpl
100 ## - HEADING--PERSONAL NAME
- Personal name: सोनी, वेद प्रकाश
670 ## - SOURCE DATA FOUND
- Source citation: Work cat.: (dpl): सोनी, वेद प्रकाश , पर्यावरणः प्रदूषण/, 2002
670 ## - SOURCE DATA FOUND
- Source citation: Work cat.: (dpl): सोनी, वेद प्रकाश , पर्यावरणः प्रदूषण/, 2002
